Statistics for Tokyo Narita (NRT) Airport Destinations

Click here to take the quiz!

General Stats

  • This quiz has been taken 265 times
    (183 since last reset)
  • The average score is 74 of 130

Answer Stats

HintAnswer% Correct
EmiratesDubai (International)
92%
Air China, All Nippon Airways, China Eastern Airlines, China Southern Airlines, Japan Airlines, Jetstar Japan, Juneyao Airlines, Spring Airlines, Spring Airlines JapanShanghai (Pudong)
91%
KLMAmsterdam
90%
Air China, All Nippon Airways, Hainan Airlines, Japan Airlines, Pakistan International AirlinesBeijing (Capital)
90%
Air Busan, Air Seoul, Asian Airlines, Eastar Jet, Ethiopian Airlines, Jeju Air, Jin Air, Korean Air, T'way Airlines, ZIPAIR TokyoSeoul (Incheon)
90%
Scoot, Thai AirAsiaX, Thai Lion AirBangkok (Don Mueang)
89%
All Nippon Airways, Druk Air, Japan Airlines, Thai Airways, ZIPAIR TokyoBangkok (Suvarnabhumi)
89%
All Nippon Airways, Bamboo Airways, Japan Airlines, VietJet Air, Vietnam AirlinesHanoi
88%
All Nippon Airways, Japan Airlines, Singapore Airlines, United AirlinesLos Angeles
88%
All Nippon Airways, Cebu Pacific, Japan Airlines, Jetstar Japan, Philippine AirlinesManila
88%
All Nippon AirwaysNew York (John F. Kennedy)
88%
Air Canada, Japan AirlinesVancouver
88%
Etihad AirwaysAbu Dhabi
87%
Air CanadaToronto (Pearson)
87%
Air New ZealandAuckland
86%
All Nippon Airways, Japan AirlinesOsaka (Itami)
86%
Jetstar Japan, PeachOsaka (Kansai)
86%
All Nippon Airways, Japan Airlines, United AirlinesSan Francisco
86%
All Nippon Airways, Cathay Pacific, China Airlines, EVA Air, Japan Airlines, Jetstar Japan, Peach, Scoot, Starlux Airlines, Tigerair TaiwanTaipei (Taoyuan)
86%
Air IndiaDelhi
85%
All Nippon Airways, Cathay Pacific, HK Express, Hong Kong Airlines, Japan Airlines, Jetstar JapanHong Kong
84%
EgyptAirCairo
83%
AirAsia X, All Nippon Airways, Japan Airlines, Malaysia AirlinesKuala Lumpur (International)
83%
QantasMelbourne
83%
Air FranceParis (Charles de Gaulle)
83%
All Nippon Airways, Japan Airlines, Scoot, Singapore Airlines, ZIPAIR TokyoSingapore
82%
Qatar AirwaysDoha
81%
Turkish AirlinesIstanbul
81%
All Nippon Airways, Japan AirlinesJakarta (Soekarno Hatta)
81%
All Nippon AirwaysMumbai
81%
Air Busan, Japan Airlines, Jeju Air, Korean AirBusan
79%
American Airlines, Japan AirlinesDallas/Fort Worth
79%
All Nippon Airways, China Southern AirlinesGuangzhou
79%
IberiaMadrid
79%
Ethiopian AirlinesAddis Ababa
78%
FinnairHelsinki
78%
All Nippon Airways, Japan Airlines, Jetstar Japan, Peach, Spring Airlines JapanSapporo (Chitose)
78%
Japan AirlinesSeattle/Tacoma
77%
Air CanadaMontreal (Trudeau)
76%
All Nippon Airways, Hawaiian Airlines, Japan Airlines, United Airlines, ZIPAIR TokyoHonolulu
75%
All Nippon Airways, Japan AirlinesChicago (O'Hare)
74%
QantasBrisbane
73%
Cebu Pacific, Philippine AirlinesCebu
73%
Spring Airlines JapanHiroshima
73%
Aeroméxico, All Nippon AirwaysMexico City
73%
Swiss International AirlinesZurich
71%
All Nippon Airways, Japan Airlines, Jetstar Japan, PeachFukuoka
70%
All Nippon Airways, Bamboo Airways, Japan Airlines, VietJet Air, Vietnam AirlinesHo Chi Minh City
70%
United AirlinesHouston (Intercontinental)
70%
Air MacauMacau
70%
All Nippon Airways, ANA Wings, Japan AirlinesNagoya (Centrair)
69%
LOT Polish AirlinesWarsaw (Chopin)
69%
All Nippon Airways, China Eastern Airlines, China Southern Airlines, Spring Airlines JapanWuhan
69%
T'way AirlinesJeju
68%
Jetstar Japan, PeachNagasaki
68%
SirLankan AirlinesColombo (Bandaranaike)
67%
Garuda IndonesiaDenpasar/Bali
67%
United AirlinesDenver
67%
Jetstar Japan, PeachNaha
67%
El AlTel Aviv
67%
China Eastern Airlines, Hainan AirlinesXi'an
67%
Air China, All Nippon Airways, Sichuan AirlinesChengdu (Shuangliu)
66%
Air CanadaCalgary
64%
Pakistan International AirlinesIslamabad
64%
All Nippon Airways, China Southern Airlines, Shenzhen AirlinesShenzhen
64%
Austrian AirlinesVienna
64%
Japan AirlinesFrankfurt
63%
Nepal AirlinesKathmandu
63%
All Nippon AirwaysPerth
63%
All Nippon AirwaysXiamen
63%
Air China, Spring Airlines JapanTianjin
62%
Air China, Spring Airlines JapanChongqing
58%
United AirlinesNewark
58%
Uzbekistan AirwaysTashkent
57%
China Eastern AirlinesNanjing
55%
All Nippon AirwaysPhnom Penh
55%
Japan AirlinesBoston
54%
All Nippon Airways, Aurora, Japan Airlines, S7 AirlinesVladivostok
53%
Air China, All Nippon Airways, China Southern Airlines, Japan AirlinesDalian
49%
Air China, All Nippon AirwaysHangzhou
48%
China Southern Airlines, Spring Airlines JapanHarbin
48%
China Eastern AirlinesKunming
48%
All Nippon Airways, China Eastern AirlinesQingdao
48%
Japan AirlinesSan Diego
48%
MIAT Mongolian AirlinesUlaanbaatar
48%
Air Busan, Japan Airlines, Jeju Air, United AirlinesGuam
46%
All Nippon Airways, China Southern AirlinesShenyang
45%
Royal Brunei AirlinesBandar Seri Begawan
44%
Vietnam AirlinesDa Nang
43%
China Airlines, EVA Air. Japan Airlines, Peach, Tigerair TaiwanKaohsiung
43%
Fiji AirwaysNadi
43%
ANA Wings, Ibex AirlinesSendai
43%
All Nippon AirwaysBrussels
42%
All Nippon AirwaysYangon
42%
China Southern AirlinesChangsha
41%
Air Busan, Jeju Air, T'way AirlinesDaegu
41%
All Nippon AirwaysChennai
39%
Jetstar Japan, PeachKagoshima
39%
China Southern AirlinesZhengzhou
38%
Sunday AirlinesAstana
33%
Jetstar AirwaysCairns
33%
Air Tahiti NuiPapeete
33%
China Southern AirlinesChangchun
30%
Sky Angkor AirlinesSiem Reap
30%
AircalinNoumea
29%
Jetstar AirwaysGold Coast
28%
ANA WingsNiigata
28%
Spring Airlines JapanNingbo
24%
S7 AirlinesIrkutsk
23%
Pegas Fly, S7 AirlinesKhabarovsk
23%
Japan AirlinesKona
23%
Jetstar JapanMatsuyama
23%
Jetstar Japan, PeachMiyazaki
23%
Druk AirParo
23%
Malaysia AirlinesKota Kinabalu
22%
Mandarin AirlinesTaichung
22%
Jetstar JapanKochi
21%
PeachIshigaki
20%
Jetstar Japan, PeachOita
20%
Jetstar JapanTakamatsu
20%
All Nippon AirwaysDusseldorf
18%
China Eastern AirlinesYantai
16%
AuroraYuzhno-Sakhalinsk
16%
PeachKushiro
14%
Spring Airlines JapanSaga
14%
PeachAmami Oshima
12%
Jeju AirMuan
12%
Jetstar JapanShimojishima
11%
Jetstar JapanShonai
6%
Jetstar JapanKumarnoto
3%

Score Distribution

Percentile by Number Answered

Percent of People with Each Score

Your Score History

You have not taken this quiz since the last reset